00796nam a2200253 a 4500001001300000003000900013005001700022008004100039020001100080082001800091100001800109245005900127260003700186300000900223500003500232505001000267650002300277700001800300902000800318942000700326952009700333952009700430999001500527nice12345678IN_TiNIC20260116011904.0050524s1942 laha grp 000 0 eng  ac12.500a297.1977bSHE aSherwani, H K aStudies in Muslim Political Thought and Administration aLahorebSh.Muhammad Ashrafc1942 a294p aincludes index and biblioraphy2 aIndex aIslam and Politics1 aSherwani, H K bSRS cBK 00104070aHMIbHMId0000-00-00g12.50l0o297.1977 SHEp01598r0000-00-00w2026-01-16yEB 00104070aHMIbHMId0000-00-00g12.50l0o297.1977 SHEp05964r0000-00-00w2026-01-16yEB c4730d4730